000 00434nam a2200181Ia 4500
001 10631
005 20260306161846.0
008 260306t1959||||xx |||||||||||||| ||spa||
041 _aESP
082 _a946
_bC32
100 _aCastro, Américo
_eAUT
245 0 _aOrigen, ser y existir de los españoles
260 _c1959
300 _ax, 174 páginas :
_c18 cm.
650 _aGEN
654 _aCHU
942 _cLIB
_dJUS
_fJUS
_2ddc
_n
999 _c10631
_d10631